|
|
|
|
| LEADER |
00853nam a2200205 i 4500 |
| 001 |
misc57971 |
| 005 |
20210531183815.0 |
| 008 |
210531s1876 hu o 0|| hun d |
| 040 |
|
|
|a SZTE Miscellanea Repozitórium
|b hun
|
| 041 |
|
|
|a hun
|
| 245 |
0 |
0 |
|a Dugonics-album
|h [elektronikus dokumentum] :
|b Dugonics András emlékére emelt szobor leleplezési ünnepélye alkalmából
|
| 260 |
|
|
|a Burger Zsigmond özvegye
|b Szeged, Magyarország
|c 1876
|
| 300 |
|
|
|a 158 p.
|c 28 cm
|
| 650 |
|
4 |
|a Bölcsészettudományok
|
| 650 |
|
4 |
|a Nyelvek és irodalom
|
| 650 |
|
4 |
|a Általános irodalomtudományok
|
| 695 |
|
|
|a Dugonics András, Magyar irodalom - 18. sz. - életmű - életrajz - tanulmányok, Emlékmű - Szeged - irodalmi - 18. sz.
|
| 700 |
0 |
1 |
|a Farkas Antal
|
| 700 |
0 |
1 |
|a Nagy Sándor
|
| 856 |
4 |
0 |
|u http://misc.bibl.u-szeged.hu/57971/1/xc_53769.pdf
|z Dokumentum-elérés
|